Word Ladder: Water Quiz Stats

 Plays Quiz Updated Feb 5, 2013

Support Sporcle.
Go Orange.
Score 0/51 Timer 06:00
0 Plays Today
Hint 4-Letter Word % Correct
● Superior or Erie, e.g. ●● LAKE ●
96.5%
Hair pestsLICE
95.7%
Ornamental fabricLACE
90.2%
● Water that falls from the sky ●● RAIN ●
90.1%
● A water-filled trench around a castle ●● MOAT ●
89%
● A vessel for transport by water ●● BOAT ●
88.9%
Put on weightGAIN
88.4%
● Icy precipitation ●● HAIL ●
88.4%
Train's bar?RAIL
88.1%
Wrestler Scott or talker ArsenioHALL
87.3%
College teacher, abbreviatedPROF
87.3%
● Nessie's home, for example ●● LOCH ●
86.9%
Sport where you want a low scoreGOLF
86.8%
To smile broadlyGRIN
86.8%
A helpful clueHINT
86.7%
High school dancePROM
86.6%
In the greatest amountMOST
86.4%
To stop; cease movingHALT
86.3%
Company symbolLOGO
85.5%
Curve in a roadBEND
84.8%
To swallow eagerlyGULP
84.8%
Dog's soundWOOF
84.6%
● A portion of an ocean partly enclosed ●● GULF ●
84.2%
Shoe that covers part of the legBOOT
83.9%
Black dust found in chimneysSOOT
83.6%
Mucus from the noseSNOT
83.5%
Hint 4-Letter Word % Correct
Largest member of the dog familyWOLF
83.2%
The handle of a swordHILT
83%
Julep needMINT
82.2%
● Airborne globules of water ●● MIST ●
82.2%
Disappearance soundPOOF
81.5%
Crazy, in ChileLOCO
80.7%
● Precipitation in the form of ice crystals ●● SNOW ●
80.3%
Hip or chillyCOOL
80.2%
Glassy necklace componentBEAD
79.6%
Bathrooms in BirminghamLOOS
79.6%
To strike violentlyBEAT
79%
Trunk portionsLOGS
78.4%
Processed wood precursor for paperPULP
78.3%
Connection between peopleBOND
78.3%
Of a sinister or ghastly characterGRIM
78%
Hit a shot to the leftPULL
77.8%
An undead creatureLICH
77.5%
● A smaller land-surrounded body of water ●● POND ●
77.4%
Formally precise or properPRIM
76.7%
Runner UsainBOLT
72.7%
Male elephantBULL
72.4%
Murmurs or talks fondlyCOOS
72.2%
● A still, deep place in a stream ●● POOL ●
70.7%
Rounded pod of a plantBOLL
63.3%
Russian weight equal to about 36 poundsPOOD
62.4%

Today's Daily Dose

Word Ladder
ING Words

Get the Picture
Nearest Volcano

From the Vault

Begins and Ends with Same Letter

by luk

We were so stressed about trying to get Xanax into this quiz that we ended up taking some and then let go of the idea.
Remove Ads.
Support Sporcle.
Get the best of Sporcle when you Go Orange. This ad-free experience offers more features, more stats, and more fun while also helping to support Sporcle. Thank you for becoming a member.

Show Comments

Extras

Top Quizzes Today


Score Distribution

Your Account Isn't Verified!

In order to create a playlist on Sporcle, you need to verify the email address you used during registration. Go to your Sporcle Settings to finish the process.

Report this User

Report this user for behavior that violates our Community Guidelines.

Details: